000 01356nam a2200289 i 4500
001 bg
100 1 _aKARYŚ, Jerzy
245 1 0 _aCzynniki materiałowe i technologiczne warunkujące trwałość zbrojonych kompozytów z cementów glinowych w środowisku siarczanowym /
_cJerzy Karyś.
246 1 5 _aMaterial and technological agents conditioning the durability of reinforced composites with hight alumina cement in the sulfate environment
260 _aWrocław :
_bOficyna Wydawnicza Politechniki Wrocławskiej,
_c2005.
300 _a150 s. :
_bil. ;
_c24 cm.
490 1 _aPrace Naukowe Instytutu Budownictwa Politechniki Wrocławskiej. Monografie =
_aScientific Papers of the Institute of Building Engineering of the Wrocław University of Technology. Monographs,
_x0324-9875 ;
_v36
500 _aStreszcz. ang. Spis treści także ang.
500 _aNr serii gł.: 85.
504 _aBibliogr. s. 137-144.
650 9 _aBeton cementowy
_xochrona
650 9 _aBeton cementowy
_xtechnologia
650 9 _aKorozja i erozja
650 9 _aSiarczany
_xa korozja i erozja
830 0 _aPrace Naukowe Instytutu Budownictwa Politechniki Wrocławskiej. Monografie ;
_v36
015 _aPB 1621/2006
040 _cBPK
041 0 _apol
_beng
080 _a691:620.193:546.1/.2:666.97/.98
942 _cKS
008 s pl f |000 0 pol
999 _c52672
_d52672
856 _uhttp://koha.tu.koszalin.pl/cgi-bin/koha/opac-detail.pl?biblionumber=52672
_yKatalog online BPK